Guess the flag- Orange Edition - Statistics

General Stats
  • This quiz has been taken 31 times
  • The average score is 5 of 6
Answer Stats
Picture Answer % Correct
India
100%
Bhutan
93%
Sri Lanka
89%
Niger
78%
Marshall Islands
59%
Eritrea
52%
No matching quizzes found
Score Distribution
Percent of People with Each Score
Percentile by Number Answered
Your Score History
You have not taken this quiz